[Event "CRO-chT1B 29th"]
[Site "Mali Losinj"]
[Date "2021.09.29"]
[Round "7.3"]
[White "Ostovic, Matija"]
[Black "Blagojevic, Marijan"]
[Result "1-0"]
[WhiteElo "2392"]
[BlackElo "2194"]
[PlyCount "61"]
[EventDate "2021.09.25"]
[EventType "team-tourn"]
[EventRounds "11"]
[EventCountry "CRO"]
[SourceTitle "CBM 204 Extra"]
[Source "ChessBase"]
[SourceDate "2021.11.30"]
[SourceVersion "1"]
[SourceVersionDate "2021.11.30"]
[SourceQuality "1"]
[WhiteTeam "Novo Virje Konaki"]
[BlackTeam "Bjelovar"]
[WhiteTeamCountry "CRO"]
[BlackTeamCountry "CRO"]

1. e4 c5 2. c3 d5 3. exd5 Qxd5 4. d4 cxd4 5. cxd4 g6 6. Nc3 Qd8 7. Bb5+ Nd7 8. Nf3 Bg7 9. 0-0 Ngf6 10. d5 0-0 11. d6 exd6 12. Qxd6 a6 13. Be2 Nb6 14. Qc5 Be6 15. Rd1 Nbd7 16. Qa3 Qc7 17. Bg5 Rfc8 18. Rac1 Qc5 19. Qa4 b5 20. Qh4 Bc4 21. Na4 Qb4 22. b3 Qa3 23. bxc4 Qxa4 24. cxb5 axb5 25. Qxa4 bxa4 26. Bb5 Nc5 27. Be3 Nfe4 28. Nd4 Bf8 29. Bc6 Rab8 30. Bf4 Rb2 31. Bxe4 1-0

[Event "CRO-chT1B 29th"]
[Site "Mali Losinj"]
[Date "2021.09.28"]
[Round "5.45"]
[White "Blagojevic, Marijan"]
[Black "Ascic, Pero"]
[Result "1/2-1/2"]
[WhiteElo "2194"]
[BlackElo "2289"]
[PlyCount "65"]
[EventDate "2021.09.25"]
[EventType "team-tourn"]
[EventRounds "11"]
[EventCountry "CRO"]
[SourceTitle "CBM 204 Extra"]
[Source "ChessBase"]
[SourceDate "2021.11.30"]
[SourceVersion "1"]
[SourceVersionDate "2021.11.30"]
[SourceQuality "1"]
[WhiteTeam "Bjelovar"]
[BlackTeam "Djakovo Limmont"]
[WhiteTeamCountry "CRO"]
[BlackTeamCountry "CRO"]

1. d4 Nf6 2. c4 e6 3. Nf3 d5 4. Nc3 c6 5. e3 Nbd7 6. Qc2 Bd6 7. b3 0-0 8. Bd3 Qe7 9. 0-0 h6 10. Re1 b6 11. Bb2 Bb7 12. e4 dxe4 13. Nxe4 Nxe4 14. Bxe4 Nf6 15. Bd3 Ba3 16. Ne5 Rfd8 17. Rad1 Bxb2 18. Qxb2 Qc7 19. Qe2 c5 20. dxc5 bxc5 21. Bc2 Rxd1 22. Rxd1 Rd8 23. f4 Rd6 24. Rxd6 Qxd6 25. Qd3 Qc7 26. Qd2 a5 27. a3 h5 28. h3 Kf8 29. Qe3 Qd6 30. Qd3 Qc7 31. Qe3 Qd6 32. Qd3 Qc7 33. Qe3 1/2-1/2

[Event "CRO-chT1B 29th"]
[Site "Mali Losinj"]
[Date "2021.09.27"]
[Round "4.35"]
[White "Separovic, Tomislav"]
[Black "Blagojevic, Marijan"]
[Result "1/2-1/2"]
[WhiteElo "2112"]
[BlackElo "2194"]
[PlyCount "104"]
[EventDate "2021.09.25"]
[EventType "team-tourn"]
[EventRounds "11"]
[EventCountry "CRO"]
[SourceTitle "CBM 204 Extra"]
[Source "ChessBase"]
[SourceDate "2021.11.30"]
[SourceVersion "1"]
[SourceVersionDate "2021.11.30"]
[SourceQuality "1"]
[WhiteTeam "Dubrovnik"]
[BlackTeam "Bjelovar"]
[WhiteTeamCountry "CRO"]
[BlackTeamCountry "CRO"]

1. d4 g6 2. Nc3 Bg7 3. e4 d6 4. Nf3 Nd7 5. Bc4 e6 6. Bg5 Ne7 7. Qd2 h6 8. Be3 a6 9. a4 b6 10. 0-0 Bb7 11. h3 g5 12. Nh2 Ng6 13. Rad1 Qe7 14. Rfe1 0-0 15. Qe2 Kh7 16. Nf1 Rfe8 17. Ng3 Bh8 18. Qd2 Qf8 19. Bd3 Rad8 20. f3 c5 21. Qf2 Rc8 22. Bf1 Red8 23. Kh1 Nb8 24. Nge2 Nc6 25. Rd2 Na5 26. Nc1 f5 27. exf5 exf5 28. Qg1 Qf7 29. Red1 Re8 30. Bf2 Nf4 31. dxc5 dxc5 32. Rd7 Re7 33. Rxe7 Qxe7 34. Bd3 Kg6 35. Re1 Qf7 36. Nd1 Nc6 37. c3 Nxd3 38. Nxd3 Rd8 39. Qf1 Qd5 40. Nc1 Ne5 41. Ne3 Qc6 42. Rd1 Rd7 43. Rxd7 Qxd7 44. Qe2 Bf6 45. Qc2 c4 46. Ng4 Bg7 47. Nxe5+ Bxe5 48. Bxb6 Qd5 49. Kg1 h5 50. Kf1 Kf6 51. Be3 g4 52. hxg4 hxg4 1/2-1/2

[Event "Bosnjaci op 25th"]
[Site "Bosnjaci"]
[Date "2020.01.06"]
[Round "6"]
[White "Jakovljevic, Vlado"]
[Black "Blagojevic, Marijan"]
[Result "1/2-1/2"]
[WhiteElo "2351"]
[BlackElo "2164"]
[PlyCount "90"]
[EventDate "2020.01.03"]
[EventType "swiss"]
[EventRounds "9"]
[EventCountry "CRO"]
[SourceTitle "CBM 194 Extra"]
[Source "ChessBase"]
[SourceDate "2020.03.31"]
[SourceVersion "1"]
[SourceVersionDate "2020.03.31"]
[SourceQuality "1"]

1. Nf3 g6 2. d4 Bg7 3. c4 d6 4. Nc3 Nf6 5. g3 0-0 6. Bg2 Nc6 7. 0-0 e5 8. dxe5 dxe5 9. Bg5 Be6 10. Nd2 h6 11. Bxf6 Qxf6 12. Nd5 Bxd5 13. cxd5 Ne7 14. Rc1 Rad8 15. Qb3 Qa6 16. Rxc7 Qxe2 17. Rxe7 Qxd2 18. Rd1 Qa5 19. Rxb7 Rd6 20. Rc1 Rfd8 21. a3 Bf8 22. Qe3 Rb6 23. Rxb6 Qxb6 24. Qxb6 axb6 25. Rc6 Rd6 26. Kf1 f5 27. Ke2 Kf7 28. Rxd6 Bxd6 29. f3 Ke7 30. Kd3 Bc5 31. Kc4 Kd6 32. h3 Be3 33. a4 Bc1 34. b4 Bd2 35. g4 Be1 36. gxf5 gxf5 37. Bf1 e4 38. fxe4 fxe4 39. Bg2 e3 40. Bf3 Bd2 41. h4 Be1 42. h5 Bd2 43. Kb5 e2 44. Bxe2 Kxd5 45. Bd1 Kd6 1/2-1/2

[Event "CRO-chT1B 28th"]
[Site "Mali Losinj"]
[Date "2019.10.06"]
[Round "9.34"]
[White "Bukal, Vladimir Jr"]
[Black "Blagojevic, Marijan"]
[Result "1-0"]
[WhiteElo "2390"]
[BlackElo "2196"]
[PlyCount "79"]
[EventDate "2019.09.28"]
[EventType "team-tourn"]
[EventRounds "9"]
[EventCountry "CRO"]
[SourceTitle "EXT 2020"]
[Source "ChessBase"]
[SourceDate "2019.10.17"]
[SourceVersion "1"]
[SourceVersionDate "2019.10.17"]
[SourceQuality "1"]
[WhiteTeam "Sesvete Agroproteinka"]
[BlackTeam "Bjelovar"]
[WhiteTeamCountry "CRO"]
[BlackTeamCountry "CRO"]

1. d4 Nf6 2. Bf4 d5 3. e3 e6 4. Nf3 c5 5. Be2 Bd6 6. dxc5 Bxf4 7. exf4 Qa5+ 8. Nbd2 Qxc5 9. 0-0 0-0 10. Nb3 Qc7 11. g3 Nc6 12. c3 Bd7 13. Bd3 Rfe8 14. Re1 e5 15. Nxe5 Nxe5 16. fxe5 Rxe5 17. Rxe5 Qxe5 18. Qe2 Qd6 19. Nd4 h5 20. Qe3 Re8 21. Qg5 Re5 22. Qf4 Bg4 23. f3 Bd7 24. Qd2 h4 25. g4 Qe7 26. Kg2 Re3 27. Nc2 h3+ 28. Kf2 Re5 29. Qf4 Qd6 30. Qb4 Qc7 31. Kg1 Re4 32. fxe4 dxe4 33. Be2 Qf4 34. Qd4 Nxg4 35. Bxg4 Qxg4+ 36. Kf1 Qg2+ 37. Ke1 Bg4 38. Qf2 e3 39. Nxe3 Qh1+ 40. Nf1 1-0

[Event "CRO-chT1B 28th"]
[Site "Mali Losinj"]
[Date "2019.10.03"]
[Round "6.25"]
[White "Ciganovic, Nikola"]
[Black "Blagojevic, Marijan"]
[Result "1-0"]
[WhiteElo "2219"]
[BlackElo "2196"]
[PlyCount "49"]
[EventDate "2019.09.28"]
[EventType "team-tourn"]
[EventRounds "9"]
[EventCountry "CRO"]
[SourceTitle "EXT 2020"]
[Source "ChessBase"]
[SourceDate "2019.10.17"]
[SourceVersion "1"]
[SourceVersionDate "2019.10.17"]
[SourceQuality "1"]
[WhiteTeam "Pula"]
[BlackTeam "Bjelovar"]
[WhiteTeamCountry "CRO"]
[BlackTeamCountry "CRO"]

1. e4 c5 2. Nf3 d6 3. d4 cxd4 4. Nxd4 Nf6 5. Nc3 a6 6. Qf3 e6 7. g4 Qc7 8. Be3 Nc6 9. g5 Nd7 10. 0-0-0 Nde5 11. Qg3 Nxd4 12. Bxd4 Bd7 13. f4 Nc6 14. f5 0-0-0 15. Be3 Ne5 16. Qg1 Re8 17. Bb6 Qc6 18. fxe6 fxe6 19. a4 Kb8 20. Qd4 Nf3 21. Qe3 Be7 22. h4 Ne5 23. Nb5 Ng4 24. Bc7+ Kc8 25. Qa7 1-0

[Event "CRO-chT1B 28th"]
[Site "Mali Losinj"]
[Date "2019.09.28"]
[Round "1.45"]
[White "Pucovski, Miroslav"]
[Black "Blagojevic, Marijan"]
[Result "1-0"]
[WhiteElo "2238"]
[BlackElo "2196"]
[PlyCount "65"]
[EventDate "2019.09.28"]
[EventType "team-tourn"]
[EventRounds "9"]
[EventCountry "CRO"]
[SourceTitle "EXT 2020"]
[Source "ChessBase"]
[SourceDate "2019.10.17"]
[SourceVersion "1"]
[SourceVersionDate "2019.10.17"]
[SourceQuality "1"]
[WhiteTeam "Vinkovci"]
[BlackTeam "Bjelovar"]
[WhiteTeamCountry "CRO"]
[BlackTeamCountry "CRO"]

1. e4 c5 2. c3 Nf6 3. e5 Nd5 4. Bc4 Nb6 5. Bb3 Nc6 6. Nf3 e6 7. d4 cxd4 8. cxd4 d6 9. exd6 Bxd6 10. 0-0 0-0 11. Re1 Re8 12. Nc3 Nb4 13. a3 N4d5 14. Bc2 Be7 15. Ne5 Nf6 16. Bg5 g6 17. Qf3 Nbd5 18. Bb3 Nxc3 19. bxc3 Kg7 20. Bh6+ Kg8 21. Ba4 Rf8 22. Bxf8 Qxf8 23. Bb3 Kg7 24. a4 Rb8 25. Qe2 Bd6 26. Ng4 Nd5 27. Qf3 Qd8 28. c4 Nb4 29. d5 exd5 30. cxd5 Bf5 31. Qc3+ f6 32. Re8 Qxe8 33. Qxf6+ 1-0

[Event "Bosnjaci op 24th"]
[Site "Bosnjaci"]
[Date "2019.01.05"]
[Round "4"]
[White "Blagojevic, Marijan"]
[Black "Ljubicic, Mario"]
[Result "1-0"]
[WhiteElo "2203"]
[BlackElo "1886"]
[PlyCount "109"]
[EventDate "2019.01.03"]
[EventType "swiss"]
[EventRounds "9"]
[EventCountry "CRO"]
[SourceTitle "CBM 188 Extra"]
[Source "ChessBase"]
[SourceDate "2019.02.26"]
[SourceVersion "1"]
[SourceVersionDate "2019.02.26"]
[SourceQuality "1"]

1. d4 Nf6 2. c4 g6 3. Nc3 Bg7 4. e4 d6 5. Nf3 Bg4 6. Be2 0-0 7. Be3 Re8 8. 0-0 Nc6 9. d5 Bxf3 10. Bxf3 Ne5 11. Be2 Ned7 12. Qc2 e5 13. b4 Qe7 14. a3 Rf8 15. Rac1 b6 16. Rfe1 Ne8 17. Bd3 a6 18. Na4 Ndf6 19. h3 Nh5 20. c5 b5 21. Nc3 Nf4 22. Bf1 Qd7 23. c6 Qc8 24. g3 Nh5 25. Qd1 h6 26. Kh2 Kh7 27. a4 bxa4 28. Ra1 a5 29. b5 Rb8 30. Rxa4 Ra8 31. Be2 Nhf6 32. Bd3 Ng8 33. Qc2 f5 34. exf5 gxf5 35. f3 Kh8 36. Qd2 Qd8 37. Bc2 Ne7 38. Bxh6 Ng6 39. Bg5 Bf6 40. Bxf6+ Qxf6 41. Qh6+ Kg8 42. Rg1 Kf7 43. Qe3 Rh8 44. b6 cxb6 45. Qxb6 Ng7 46. Qc7+ Ne7 47. Nb5 Rad8 48. Rxa5 f4 49. Ra7 fxg3+ 50. Rxg3 Rhe8 51. Bg6+ Kf8 52. Bxe8 Rxe8 53. Nxd6 Qf4 54. Qd7 Nh5 55. Qxe8# 1-0

[Event "Bosnjaci op 24th"]
[Site "Bosnjaci"]
[Date "2019.01.04"]
[Round "3"]
[White "Pleh, Semir"]
[Black "Blagojevic, Marijan"]
[Result "0-1"]
[WhiteElo "1767"]
[BlackElo "2203"]
[PlyCount "74"]
[EventDate "2019.01.03"]
[EventType "swiss"]
[EventRounds "9"]
[EventCountry "CRO"]
[SourceTitle "CBM 188 Extra"]
[Source "ChessBase"]
[SourceDate "2019.02.26"]
[SourceVersion "1"]
[SourceVersionDate "2019.02.26"]
[SourceQuality "1"]

1. c4 Nf6 2. Nf3 g6 3. d4 Bg7 4. Nc3 d6 5. e4 0-0 6. Be2 Nbd7 7. 0-0 e5 8. d5 Nc5 9. Qc2 a5 10. Bg5 h6 11. Be3 Nfd7 12. a3 a4 13. Ne1 f5 14. f3 Nb3 15. Rd1 Ndc5 16. Nd3 Bd7 17. Nxc5 dxc5 18. exf5 gxf5 19. Bd3 Qf6 20. Nb5 Rac8 21. Na7 Rce8 22. Nb5 Qb6 23. d6 cxd6 24. Nc3 Kh8 25. Qf2 f4 26. Bc1 Nxc1 27. Rxc1 e4 28. Nd5 Qd8 29. Qc2 exd3 30. Qxd3 Bc6 31. b3 Bxd5 32. Qxd5 axb3 33. Qxb7 b2 34. Rcd1 Bd4+ 35. Kh1 Qf6 36. a4 Rb8 37. Qe4 Qf5 0-1

[Event "Bosnjaci op 24th"]
[Site "Bosnjaci"]
[Date "2019.01.03"]
[Round "1"]
[White "Maroslavac, Ivana"]
[Black "Blagojevic, Marijan"]
[Result "1-0"]
[WhiteElo "1637"]
[BlackElo "2203"]
[PlyCount "60"]
[EventDate "2019.01.03"]
[EventType "swiss"]
[EventRounds "9"]
[EventCountry "CRO"]
[SourceTitle "CBM 188 Extra"]
[Source "ChessBase"]
[SourceDate "2019.02.26"]
[SourceVersion "1"]
[SourceVersionDate "2019.02.26"]
[SourceQuality "1"]

1. e4 c5 2. Nf3 g6 3. d4 cxd4 4. Nxd4 Bg7 5. Be3 Nc6 6. c3 Nf6 7. Bd3 0-0 8. 0-0 Qc7 9. f4 d5 10. e5 Ng4 11. Nb5 Qd8 12. Qe2 Nxe3 13. Qxe3 a6 14. Nd4 Qb6 15. Qf2 f6 16. Nxc6 Qxc6 17. exf6 Rxf6 18. Qe2 Bd7 19. Nd2 Raf8 20. Qxe7 Re6 21. Qb4 Qc7 22. f5 Re3 23. Rf3 Qe5 24. Raf1 gxf5 25. Qxb7 Rxf3 26. Rxf3 Be8 27. Nf1 Bh5 28. Re3 Rb8 29. Qxa6 Qf4 30. Qe6+ Bf7 1-0

[Event "Bosnjaci op 23rd"]
[Site "Bosnjaci"]
[Date "2018.01.07"]
[Round "7"]
[White "Blagojevic, Marijan"]
[Black "Golubicic, Luka"]
[Result "1-0"]
[WhiteElo "2145"]
[BlackElo "1954"]
[PlyCount "37"]
[EventDate "2018.01.03"]
[EventType "swiss"]
[EventRounds "9"]
[EventCountry "CRO"]
[SourceTitle "CBM 182 Extra"]
[Source "ChessBase"]
[SourceDate "2018.02.23"]
[SourceVersion "1"]
[SourceVersionDate "2018.02.23"]
[SourceQuality "1"]

1. d4 d5 2. c4 c6 3. Nc3 Nf6 4. Nf3 e6 5. Qc2 Be7 6. Bf4 b6 7. cxd5 exd5 8. e3 Bb7 9. Bd3 Nbd7 10. h3 Rc8 11. 0-0 0-0 12. Rfd1 c5 13. dxc5 Nxc5 14. Bf5 Ncd7 15. e4 Nxe4 16. Bxd7 Qxd7 17. Qxe4 Bd6 18. Qe3 Rfe8 19. Qd2 1-0

[Event "Bosnjaci op 23rd"]
[Site "Bosnjaci"]
[Date "2018.01.03"]
[Round "1"]
[White "Blagojevic, Marijan"]
[Black "Mikic, Ivana"]
[Result "1/2-1/2"]
[WhiteElo "2145"]
[BlackElo "1681"]
[PlyCount "97"]
[EventDate "2018.01.03"]
[EventType "swiss"]
[EventRounds "9"]
[EventCountry "CRO"]
[SourceTitle "CBM 182 Extra"]
[Source "ChessBase"]
[SourceDate "2018.02.23"]
[SourceVersion "1"]
[SourceVersionDate "2018.02.23"]
[SourceQuality "1"]

1. d4 Nf6 2. c4 e6 3. Nc3 Bb4 4. Qc2 d5 5. Bg5 0-0 6. Nf3 b6 7. cxd5 exd5 8. e3 Qd6 9. Bf4 Qe7 10. a3 Bxc3+ 11. Qxc3 c5 12. Bg5 Nbd7 13. Bb5 Qd6 14. Bf4 Qe7 15. Bc6 Ba6 16. Bxa8 Rxa8 17. 0-0-0 Ne4 18. Qe1 Rc8 19. Kb1 c4 20. Rc1 c3 21. Ka2 Bc4+ 22. b3 Bd3 23. Ne5 Nxe5 24. Bxe5 c2 25. Kb2 a5 26. f3 Nc3 27. Qxc3 Rxc3 28. Kxc3 Bg6 29. Kb2 f6 30. Bf4 Qd7 31. Rhe1 Qb5 32. e4 a4 33. Re3 dxe4 34. Rxc2 Qd7 35. Rec3 Qxd4 36. Rd2 Qg1 37. Rc8+ Kf7 38. g4 exf3 39. Rd7+ Ke6 40. Rd6+ Ke7 41. Rc7+ Ke8 42. Re6+ Kd8 43. Rd6+ Ke8 44. Rc8+ Ke7 45. Rc7+ Ke8 46. Re6+ Kd8 47. Rd6+ Ke8 48. Re6+ Kd8 49. Rd6+ 1/2-1/2

[Event "Bosnjaci op 22nd"]
[Site "Bosnjaci"]
[Date "2017.01.08"]
[Round "8"]
[White "Blagojevic, Marijan"]
[Black "Kukic, Lora"]
[Result "1/2-1/2"]
[WhiteElo "2137"]
[BlackElo "2013"]
[PlyCount "25"]
[EventDate "2017.01.03"]
[EventType "swiss"]
[EventRounds "9"]
[EventCountry "CRO"]
[SourceTitle "CBM 176 Extra"]
[Source "ChessBase"]
[SourceDate "2017.03.02"]
[SourceVersion "1"]
[SourceVersionDate "2017.03.02"]
[SourceQuality "1"]

1. d4 Nf6 2. c4 g6 3. Nc3 d5 4. cxd5 Nxd5 5. e4 Nxc3 6. bxc3 Bg7 7. Nf3 c5 8. Rb1 0-0 9. Be2 cxd4 10. cxd4 Qa5+ 11. Qd2 Qxd2+ 12. Bxd2 Nc6 13. d5 1/2-1/2

[Event "Bosnjaci op 22nd"]
[Site "Bosnjaci"]
[Date "2017.01.06"]
[Round "5"]
[White "Blagojevic, Marijan"]
[Black "Golubicic, Luka"]
[Result "1/2-1/2"]
[WhiteElo "2137"]
[BlackElo "1894"]
[PlyCount "67"]
[EventDate "2017.01.03"]
[EventType "swiss"]
[EventRounds "9"]
[EventCountry "CRO"]
[SourceTitle "CBM 176 Extra"]
[Source "ChessBase"]
[SourceDate "2017.03.02"]
[SourceVersion "1"]
[SourceVersionDate "2017.03.02"]
[SourceQuality "1"]

1. d4 d5 2. c4 c6 3. Nc3 Nf6 4. Nf3 e6 5. e3 Nbd7 6. cxd5 exd5 7. Bd3 Be7 8. 0-0 0-0 9. b3 Re8 10. Bb2 Bf8 11. Qc2 a6 12. a3 c5 13. Rac1 b5 14. dxc5 Nxc5 15. Nd4 Bb7 16. Rfd1 Qb6 17. b4 Nxd3 18. Qxd3 Ne4 19. Nb3 Rad8 20. Ne2 Bd6 21. Bd4 Bxh2+ 22. Kxh2 Qh6+ 23. Kg1 Bc8 24. Nc5 Ng5 25. Ng3 Bg4 26. Nf5 Qg6 27. Nxg7 Re4 28. Nxe4 dxe4 29. Qc2 Bxd1 30. Rxd1 Nf3+ 31. Kf1 Nxd4 32. Qc7 Ne6 33. Rxd8+ Nxd8 34. Ne8 1/2-1/2

[Event "Bosnjaci op 22nd"]
[Site "Bosnjaci"]
[Date "2017.01.04"]
[Round "3"]
[White "Vajic, Goran"]
[Black "Blagojevic, Marijan"]
[Result "1-0"]
[WhiteElo "2310"]
[BlackElo "2137"]
[PlyCount "103"]
[EventDate "2017.01.03"]
[EventType "swiss"]
[EventRounds "9"]
[EventCountry "CRO"]
[SourceTitle "CBM 176 Extra"]
[Source "ChessBase"]
[SourceDate "2017.03.02"]
[SourceVersion "1"]
[SourceVersionDate "2017.03.02"]
[SourceQuality "1"]

1. e4 c5 2. Nc3 e6 3. f4 Nc6 4. Bb5 Nge7 5. Nf3 a6 6. Bxc6 Nxc6 7. d3 d6 8. 0-0 Be7 9. Be3 b5 10. Ne2 0-0 11. c3 Bb7 12. Qc2 Rc8 13. Rad1 d5 14. Qb1 Qc7 15. exd5 exd5 16. d4 c4 17. Ng3 Rce8 18. Rde1 Bc8 19. Ne5 Bd6 20. Nf5 Bxf5 21. Qxf5 g6 22. Qh3 f5 23. Qf3 Ne7 24. Bf2 Qb7 25. Bh4 Nc8 26. Bg5 Be7 27. h4 Bxg5 28. fxg5 Nd6 29. h5 Re6 30. hxg6 hxg6 31. Qf4 Ne4 32. Ng4 Kg7 33. Nf6 Qc6 34. Nxe4 dxe4 35. Kf2 Rh8 36. Ke3 Qd6 37. Qxd6 Rxd6 38. Rh1 Rh5 39. Kf4 Rd5 40. Rh3 Rxh3 41. gxh3 Kf7 42. h4 Rd8 43. h5 Rh8 44. h6 Ke6 45. a4 b4 46. cxb4 Kd5 47. Rh1 Rh7 48. Rh2 Kd6 49. b5 axb5 50. axb5 Kd5 51. b6 Ke6 52. Rh3 1-0

[Event "CRO-chT2 Center 25th"]
[Site "Croatia"]
[Date "2016.10.23"]
[Round "10.34"]
[White "Bedic, Zeljko"]
[Black "Blagojevic, Marijan"]
[Result "1/2-1/2"]
[WhiteElo "2219"]
[BlackElo "2145"]
[PlyCount "36"]
[EventDate "2016.03.13"]
[EventType "team-tourn"]
[EventRounds "11"]
[EventCountry "CRO"]
[SourceTitle "EXT 2019"]
[Source "ChessBase"]
[SourceDate "2018.10.10"]
[SourceVersion "1"]
[SourceVersionDate "2018.10.10"]
[SourceQuality "1"]

1. c4 Nf6 2. Nc3 g6 3. g3 Bg7 4. Bg2 0-0 5. d4 d6 6. Nf3 Nbd7 7. 0-0 e5 8. dxe5 dxe5 9. b3 Re8 10. Bb2 c6 11. e3 Qe7 12. Qc1 Bf8 13. Rd1 a5 14. Nd2 Nc5 15. Nde4 Ncxe4 16. Nxe4 Nxe4 17. Bxe4 a4 18. Bc3 axb3 1/2-1/2

[Event "CRO-chT2 Center 25th"]
[Site "Croatia"]
[Date "2016.09.25"]
[Round "7.36"]
[White "Blagojevic, Marijan"]
[Black "Hladnic, Emanuel"]
[Result "1/2-1/2"]
[WhiteElo "2145"]
[BlackElo "1988"]
[PlyCount "81"]
[EventDate "2016.03.13"]
[EventType "team-tourn"]
[EventRounds "11"]
[EventCountry "CRO"]
[SourceTitle "EXT 2019"]
[Source "ChessBase"]
[SourceDate "2018.10.10"]
[SourceVersion "1"]
[SourceVersionDate "2018.10.10"]
[SourceQuality "1"]

1. d4 Nf6 2. c4 g6 3. Nc3 Bg7 4. e4 d6 5. h3 0-0 6. Be3 e5 7. d5 Nh5 8. g3 a5 9. Be2 Nf6 10. Qc2 Na6 11. Nf3 Ne8 12. g4 f5 13. gxf5 gxf5 14. Bg5 Qd7 15. Nh4 Qf7 16. Nxf5 Bxf5 17. exf5 Qxf5 18. Qxf5 Rxf5 19. Be3 Nf6 20. 0-0-0 Rf8 21. Rhg1 Kh8 22. Rg2 Rg8 23. Rdg1 Bf8 24. Rxg8+ Nxg8 25. Ne4 Rf7 26. Ng5 Rg7 27. Rf1 Nc5 28. f4 Be7 29. Ne6 Nxe6 30. dxe6 exf4 31. Bd4 Nf6 32. Rxf4 Rg6 33. Bd3 Rh6 34. Kc2 Kg8 35. Rf3 Ne8 36. Rf7 Rxe6 37. Rxh7 Bf6 38. Bxf6 Rxf6 39. Rd7 Kf8 40. Kc3 Rf3 41. Rh7 1/2-1/2

[Event "CRO-chT2 Center 25th"]
[Site "Croatia"]
[Date "2016.04.10"]
[Round "4.65"]
[White "Blagojevic, Marijan"]
[Black "Tomasic, Roland"]
[Result "0-1"]
[WhiteElo "2145"]
[BlackElo "2101"]
[PlyCount "58"]
[EventDate "2016.03.13"]
[EventType "team-tourn"]
[EventRounds "11"]
[EventCountry "CRO"]
[SourceTitle "EXT 2019"]
[Source "ChessBase"]
[SourceDate "2018.10.10"]
[SourceVersion "1"]
[SourceVersionDate "2018.10.10"]
[SourceQuality "1"]

1. d4 f5 2. g3 Nf6 3. Bg2 d6 4. c4 c6 5. Nc3 g6 6. e4 e6 7. Nge2 Bg7 8. 0-0 0-0 9. exf5 gxf5 10. Re1 Na6 11. Rb1 e5 12. b4 Nc7 13. b5 e4 14. bxc6 bxc6 15. Qa4 Qd7 16. Nf4 Ng4 17. Rd1 Qe8 18. h3 Nh6 19. Nce2 Ba6 20. Ba3 Rf6 21. d5 c5 22. Qxe8+ Rxe8 23. Nh5 Rff8 24. Nxg7 Kxg7 25. Bb2+ Kg8 26. Nf4 Bxc4 27. Bg7 Kxg7 28. Rb7 Rf7 29. Rxc7 Rxc7 0-1

[Event "CRO-chT2 Center 25th"]
[Site "Croatia"]
[Date "2016.03.13"]
[Round "2.66"]
[White "Blagojevic, Marijan"]
[Black "Krklec, Josip"]
[Result "1/2-1/2"]
[WhiteElo "2145"]
[BlackElo "2050"]
[PlyCount "139"]
[EventDate "2016.03.13"]
[EventType "team-tourn"]
[EventRounds "11"]
[EventCountry "CRO"]
[SourceTitle "EXT 2019"]
[Source "ChessBase"]
[SourceDate "2018.10.10"]
[SourceVersion "1"]
[SourceVersionDate "2018.10.10"]
[SourceQuality "1"]

1. d4 Nf6 2. c4 c5 3. Nf3 cxd4 4. Nxd4 Nc6 5. Nc3 g6 6. g3 Bg7 7. Bg2 0-0 8. 0-0 Qb6 9. Nc2 d6 10. b3 Be6 11. Rb1 Qa5 12. Bb2 Qh5 13. Nd5 Bxd5 14. cxd5 Ne5 15. h3 Rac8 16. Nd4 Rc5 17. e4 Qxd1 18. Rbxd1 Rfc8 19. Rfe1 Ned7 20. Bf1 a6 21. Kg2 Nb6 22. Bd3 Nfd7 23. Bb1 Nf8 24. f4 Nbd7 25. Rd2 R5c7 26. Ree2 Nb6 27. Ba3 Nfd7 28. Nf3 Bc3 29. Rd1 f6 30. Nd4 Bxd4 31. Rxd4 Nc5 32. e5 Rd8 33. exf6 exf6 34. Rd1 Kf7 35. Bb2 Re7 36. Rxe7+ Kxe7 37. Bc2 Kf7 38. Kf3 Re8 39. Bd4 Ncd7 40. Bd3 Ke7 41. Re1+ Kf7 42. Rc1 Rc8 43. Rxc8 Nxc8 44. Bf2 Ne7 45. Ke4 f5+ 46. Kd4 Nf6 47. Be1 Nfxd5 48. Bc4 Ke6 49. a4 Nc6+ 50. Kd3 Nce7 51. Kd4 Nc6+ 52. Kd3 Nce7 53. Bd2 Kd7 54. g4 Nf6 55. g5 Ne4 56. Bf7 Nxd2 57. Kxd2 a5 58. Ke3 Kc6 59. Kd4 b5 60. Be8+ Kb6 61. axb5 Kc7 62. h4 Kd8 63. Bf7 Kc7 64. h5 Kb6 65. hxg6 hxg6 66. Kc4 Kb7 67. Be8 Kb6 68. Bf7 Kb7 69. Be6 Kb6 70. Bf7 1/2-1/2

[Event "CRO-chT2 Center"]
[Site "Croatia"]
[Date "2015.04.26"]
[Round "5.66"]
[White "Grkinic, Goran"]
[Black "Blagojevic, Marijan"]
[Result "1/2-1/2"]
[WhiteElo "2025"]
[BlackElo "2163"]
[PlyCount "85"]
[EventDate "2015.03.22"]
[EventType "team-tourn"]
[EventRounds "11"]
[EventCountry "CRO"]
[SourceTitle "EXT 2016"]
[Source "ChessBase"]
[SourceDate "2015.10.08"]
[SourceVersion "1"]
[SourceVersionDate "2015.10.08"]
[SourceQuality "1"]

1. Nf3 Nf6 2. g3 b6 3. Bg2 Bb7 4. 0-0 e6 5. c4 Be7 6. Nc3 0-0 7. Qc2 c5 8. e3 Qc7 9. b3 Nc6 10. Nb5 Qb8 11. a3 a6 12. Nc3 Qa7 13. Bb2 Rac8 14. Ne4 Nxe4 15. Qxe4 f5 16. Qc2 Qa8 17. Ne5 Nxe5 18. Bxb7 Qxb7 19. Bxe5 d6 20. Bc3 e5 21. f3 Rce8 22. e4 g6 23. a4 a5 24. Kg2 h5 25. Qd3 Kh7 26. h3 Qc8 27. Qe2 Bg5 28. Rh1 Rf7 29. Raf1 Qd8 30. d3 f4 31. g4 Bh4 32. Rfg1 Rg7 33. Kf1 Rf8 34. gxh5 gxh5 35. Rxg7+ Kxg7 36. Rg1+ Bg3 37. Be1 h4 38. Bxg3 fxg3 39. Qe3 Rf4 40. Kg2 Qg5 41. Ra1 Kg6 42. Ra2 Rf7 43. Qe2 1/2-1/2

[Event "CRO-chT2 Center"]
[Site "Croatia"]
[Date "2015.04.12"]
[Round "3.66"]
[White "Blagojevic, Marijan"]
[Black "Muha, Miljenko"]
[Result "1/2-1/2"]
[WhiteElo "2163"]
[BlackElo "2057"]
[PlyCount "84"]
[EventDate "2015.03.22"]
[EventType "team-tourn"]
[EventRounds "11"]
[EventCountry "CRO"]
[SourceTitle "EXT 2016"]
[Source "ChessBase"]
[SourceDate "2015.10.08"]
[SourceVersion "1"]
[SourceVersionDate "2015.10.08"]
[SourceQuality "1"]

1. d4 Nf6 2. c4 g6 3. Nc3 d5 4. cxd5 Nxd5 5. e4 Nxc3 6. bxc3 Bg7 7. Nf3 c5 8. Rb1 0-0 9. Be2 b6 10. 0-0 Qc7 11. Be3 Bb7 12. Bd3 Nd7 13. Qe2 e5 14. d5 h6 15. c4 Rae8 16. Qd2 Kh7 17. Qc2 Bc8 18. Nd2 Nf6 19. f3 Nh5 20. g3 f5 21. exf5 gxf5 22. g4 Nf4 23. Bxf4 exf4 24. Bxf5+ Bxf5 25. gxf5 Bd4+ 26. Kh1 Kh8 27. Ne4 Qd7 28. Qg2 Rxf5 29. Qg6 Rg8 30. Qxh6+ Qh7 31. Qxh7+ Kxh7 32. Rbe1 Rg7 33. Re2 b5 34. cxb5 Rxd5 35. Rd1 Rf5 36. Rg2 Re7 37. Rg5 Rxg5 38. Nxg5+ Kg6 39. Ne4 Kf5 40. Kg2 Rg7+ 41. Kh3 Rh7+ 42. Kg2 Rg7+ 1/2-1/2